000 00345nam a22001217a 4500
020 _a8129703343
082 _a658.5
_bTAY
100 _aTaylor, David A.
_965991
245 _aSupply chains:
_ba manager;s guide/
_cDavid A. Taylor
260 _aNew Delhi:
_bPearson Education,
_c2004.
300 _axix, 358p. ;
_bPaperback,
_c24cm.
942 _2ddc
_cBK
999 _c593263
_d593263